| 000 | 00463nam a2200181Ia 4500 | ||
|---|---|---|---|
| 001 | 1602 | ||
| 005 | 20260306143740.0 | ||
| 008 | 260306t2002||||xx |||||||||||||| ||spa|| | ||
| 041 | _aESP | ||
| 082 |
_a153.4 _bA187 |
||
| 100 |
_aAusubel, David P. _eAUT |
||
| 245 | 0 |
_aAdquisición y retención del conocimiento: _buna perspectiva cognitiva |
|
| 260 | _c2002 | ||
| 300 |
_a325 páginas : _c22 cm. |
||
| 650 | _aGEN | ||
| 654 | _aCPS | ||
| 942 |
_cLIB _dJUS _fJUS _2ddc _n |
||
| 999 |
_c1602 _d1602 |
||